| 000 | 01124nam a2200265Ia 4500 | ||
|---|---|---|---|
| 001 | 960-DAV ba ci (7953) | ||
| 003 | IT-MiSPE | ||
| 008 | 171229s9999||||xx |||||||||||||| ||und|| | ||
| 040 |
_aIT-MiSPE _cIT-MiSPE |
||
| 041 | _aITALIANO | ||
| 100 | _aBasil Davidson | ||
| 240 | _aThe Africans: An entry to cultural history | ||
| 245 | 0 |
_aLa civiltà africana _bIntroduzione a una storia culturale dell'Africa |
|
| 250 | _a1a ed. (v) | ||
| 260 |
_aTorino _bEinaudi _c1972 |
||
| 300 |
_aVIII, 333 p. _c22 cm |
||
| 490 |
_aSaggi _v496 |
||
| 500 | _aAfrica | ||
| 501 | _aEdizioni San Paolo srl - Piazza Soncino, 5 - 20092 CINISELLO BALSAMO (MI) (non commercial uses only) ® Copyright 2018 | ||
| 520 | _aIll., tav. | ||
| 700 |
_aLaura Felici _g(traduzione) |
||
| 942 | _cBK | ||
| 957 | _71 | ||
| 999 |
_a19660 _bNO _g Copie: 1 _c357637 _d357637 |
||